|
|
|
|
| LEADER |
00000nam0a2200000 4500 |
| 001 |
348065 |
| 005 |
20231102010052.0 |
| 010 |
|
|
|a 9781471523816
|
| 035 |
|
|
|a (RuTPU)RU\TPU\book\380025
|
| 035 |
|
|
|a RU\TPU\book\138969
|
| 035 |
|
|
|a RU\TPU\book\214394
|
| 090 |
|
|
|a 348065
|
| 100 |
|
|
|a 20221012d2020 m y0engy50 ba
|
| 101 |
0 |
|
|a eng
|
| 102 |
|
|
|a GB
|
| 105 |
|
|
|a a j 000zy
|
| 200 |
1 |
|
|a Upstream. B2+
|e workbook
|f V. Evans, B. Obee
|
| 205 |
|
|
|a 7th ed.
|
| 210 |
|
|
|a Newbury
|c Express Publishing
|d 2020
|
| 215 |
|
|
|a 134 p.
|c il.
|
| 330 |
|
|
|a Upstream B2+ is a modular secondary-level course for learners of the English language at upper-intermediate level. The series combines active English learning with a variety of lively topics presented in themed units.
|
| 606 |
1 |
|
|a Английский язык
|x Учебные руководства и пособия
|x Учебные руководства и пособия для высшей школы
|2 stltpush
|3 (RuTPU)RU\TPU\subj\29071
|9 52483
|
| 610 |
1 |
|
|a лексика
|
| 610 |
1 |
|
|a грамматика
|
| 610 |
1 |
|
|a разговорная речь
|
| 610 |
1 |
|
|a упражнения
|
| 610 |
1 |
|
|a учебные пособия
|
| 610 |
1 |
|
|a рабочие тетради
|
| 686 |
|
|
|a Ш143.21-923
|v LBC/SL-A
|2 rubbk
|
| 700 |
|
1 |
|a Evans
|b V.
|g Virginia
|
| 701 |
|
1 |
|a Obee
|b B.
|g Bob
|
| 801 |
|
1 |
|a RU
|b 63413507
|c 20221012
|
| 801 |
|
2 |
|a RU
|b 63413507
|c 20221118
|g RCR
|
| 942 |
|
|
|c BK
|
| 959 |
|
|
|a 18/20221012
|d 7
|e 941,00
|f ЧЗИЛ:1
|f ЯЦ_Медиатека:6
|